| 000 | 00000nas 2200000za 4500 |
| 001 | 9.864229 |
| 003 | CaOODSP |
| 005 | 20221107161503 |
| 007 | cr ||||||||||| |
| 008 | 181105d19481969oncar p oss f000#b0eng| |
| 022 | # |y0384-4595 |
| 040 | |aCaOODSP|beng |
| 041 | |aeng|afre |
| 043 | |an-cn--- |
| 086 | 1 |aCS35-203-PDF |
| 245 | 04|aThe hardwood flooring industry |h[electronic resource] = |bL'industrie des parquets en bois dur. |
| 246 | 11|aIndustrie des parquets en bois dur |
| 260 | |aOttawa : |bDominion Bureau of Statistics, Industry and Merchandising Division = Bureau fédéral de la statistique, Division de l'industrie et du commerce, |c[1948]-1971. |
| 300 | |av. |
| 310 | |aAnnual |
| 362 | 0 |a1948-1969. |
| 500 | |aEnglish title varies slightly. |
| 500 | |aIssued 1960-1969 as part of: Annual census of manufactures = Recensement annuel des manufactures. |
| 500 | |aDigitized edition from print [produced by Statistics Canada] |
| 515 | |aIssues for 1948-1950 called also v. 2, pt. IX-F-1; 1951-1953 called also v. 2, pt. VIII,-F-1; 1954-1957 called also v. 2, pt. X-F-1. |
| 546 | |aText in English and French. |
| 550 | |aIssued 1948-1956 by Forestry Section; 1957-1961 by Industry and Merchandising Division; 1962-1964 by Industry Division; 1965-1969 by Manufacturing and Primary Industries Division. |
| 580 | |aContinues: The hardwood flooring industry in Canada. |
| 580 | |aContinued by: Hardwood flooring plants = Fabrication des parquets en bois dur. |
| 692 | 07|2gccst|aFloors |
| 692 | 07|2gccst|aWoodworking industry |
| 710 | 1 |aCanada. |bDominion Bureau of Statistics. |bForestry Section. |
| 710 | 1 |aCanada. |bDominion Bureau of Statistics. |bIndustry and Merchandising Division. |
| 710 | 1 |aCanada. |bDominion Bureau of Statistics. |bIndustry Division. |
| 710 | 1 |aCanada. |bDominion Bureau of Statistics. |bManufacturing and Primary Industries Division. |
| 780 | 00|tThe hardwood flooring industry in Canada |w(CaOODSP)9.864221 |
| 785 | 00|tHardwood flooring plants |w(CaOODSP)9.864240 |
| 792 | |tThe hardwood flooring industry |efre|w(CaOODSP)9.864237 |